000 00559nam a22001937a 4500
003 KOHA_MİRAKIL
005 20251002134908.0
008 251002b tu ||||| |||| 00| 0 tur d
020 _a9789755338545
040 _aTR-AnABB
_btur
_cTR-AnABB
041 _atur
082 _a891.733
_bDOS 2016
100 _aDostoyevski, Fyodor Mihayloviç,
_d1821-1881
245 1 0 _aEbedi koca
_cFyodor Mihayloviç Dostoyevski
260 _aAnkara :
_bİmge Kitapevi,
_c2016
300 _a249 sayfa ;
_c20 cm
650 0 4 _aRus edebiyatı, roman
942 _2ddc
_cBK
999 _c9033
_d9033
900 _bGizem YORULMAZ